Statistiques concernant Devinez le Pays Mystère #19

Cliquez ici pour prendre le quiz!

Statistiques générales

  • Ce quiz a été pris 585 fois
  • Le résultat moyen est 9 sur 19

Statistiques - réponses

Type de RéponseRéponse% Correct
Lettre TrouvéeE
99%
Lettre Bien PlacéeE
94%
Lettre TrouvéeN
93%
Lettre TrouvéeI
88%
Lettre TrouvéeU
71%
Lettre Bien PlacéeN
67%
Lettre TrouvéeM
62%
Lettre TrouvéeD
47%
Lettre TrouvéeO
43%
Lettre TrouvéeI
38%
Lettre Bien PlacéeI
34%
Lettre Bien PlacéeU
30%
Lettre TrouvéeQ
25%
Lettre Bien PlacéeD
21%
Pays MystèreDominique
21%
Lettre Bien PlacéeI
21%
Lettre Bien PlacéeM
21%
Lettre Bien PlacéeO
21%
Lettre Bien PlacéeQ
21%

Distribution des résultats

Percentile par nombre de réponses

% des personnes avec chaque résultat

Votre développement - résultats

Vous n’avez pas pris ce quiz